Translation studies and china:literature, cinema,and visual arts (Record no. 759759)

MARC details
000 -LEADER
fixed length control field 00355nam a22001337a 4500
020 ## - INTERNATIONAL STANDARD BOOK NUMBER
ISBN 9781032563992
082 ## - DEWEY DECIMAL CLASSIFICATION NUMBER
Classification number 418.020951
Item number YAN.T
100 ## - MAIN ENTRY--AUTHOR NAME
Personal name Yan, Haiping
245 ## - TITLE STATEMENT
Title Translation studies and china:literature, cinema,and visual arts
260 ## - PUBLICATION, DISTRIBUTION, ETC. (IMPRINT)
Place of publication New York
Name of publisher Routledge
Year of publication 2024
300 ## - PHYSICAL DESCRIPTION
Number of Pages 245p.
942 ## - ADDED ENTRY ELEMENTS (KOHA)
Source of classification or shelving scheme Dewey Decimal Classification
Koha item type Book
Holdings
Withdrawn status Lost status Source of classification or shelving scheme Damaged status Not for loan Collection code Home Library Current Location Shelving location Date acquired Full call number Accession Number Price effective from Koha item type
    Dewey Decimal Classification     Text Book Campus Library Kariavattom Campus Library Kariavattom Children's Area 22/05/2026 418.020951 YAN.T UCL35718 22/05/2026 Book